Catálogo
 En Linea

Prosa do que está na esfera. / (Registro nro. 40186)

Detalles MARC
000 -CABECERA
campo de control de longitud fija 00732nam a2200205 a 4500
001 - NÚMERO DE CONTROL
campo de control 000040696
005 - FECHA Y HORA DE LA ÚLTIMA TRANSACCIÓN
campo de control 20240412074300.0
008 - DATOS DE LONGITUD FIJA--INFORMACIÓN GENERAL
campo de control de longitud fija 130905s2003 bl 000 0 spa d
040 ## - FUENTE DE LA CATALOGACIÓN
Centro catalogador/agencia de origen DO-SdBNP
Lengua de catalogación spa
Centro/agencia transcriptor BNPHU
082 ## - NÚMERO DE LA CLASIFICACIÓN DECIMAL DEWEY
Número de clasificación RD861.44
Número de documento/Ítem B333p, 2003
100 1# - ENTRADA PRINCIPAL--NOMBRE DE PERSONA
Nombre de persona Batista, León Félix,
Fechas asociadas al nombre 1964-
9 (RLIN) 12031
245 10 - MENCIÓN DE TÍTULO
Título Prosa do que está na esfera. /
Mención de responsabilidad, etc. León Félix Batista; traductor Claudio Daniel e Fabiano Calixto.
260 ## - PUBLICACIÓN, DISTRIBUCIÓN, ETC.
Lugar de publicación, distribución, etc. Sao Paulo, :
Nombre del editor, distribuidor, etc. Olavobrás,
Fecha de publicación, distribución, etc. 2003.
300 ## - DESCRIPCIÓN FÍSICA
Extensión 39 p. ;
Dimensiones 16 cm.
600 14 - PUNTO DE ACCESO ADICIONAL DE MATERIA--NOMBRE DE PERSONA
Nombre de persona FÉLIX BATISTA, LEÓN,
Fechas asociadas al nombre 1964-
Subdivisión geográfica REPÚBLICA DOMINICANA
9 (RLIN) 67066
650 #0 - PUNTO DE ACCESO ADICIONAL DE MATERIA--TÉRMINO DE MATERIA
Término de materia o nombre geográfico como elemento de entrada Poesía dominicana
9 (RLIN) 66
650 #0 - PUNTO DE ACCESO ADICIONAL DE MATERIA--TÉRMINO DE MATERIA
Término de materia o nombre geográfico como elemento de entrada Literatura dominicana.
9 (RLIN) 67
700 1# - PUNTO DE ACCESO ADICIONAL--NOMBRE DE PERSONA
Nombre de persona Daniel, Claudio,
Término indicativo de función/relación tr.
9 (RLIN) 67067
700 1# - PUNTO DE ACCESO ADICIONAL--NOMBRE DE PERSONA
Nombre de persona Calixto, Fabiano,
Término indicativo de función/relación tr.
9 (RLIN) 67068
Existencias
Estado de retiro Estado de pérdida Restricciones de uso No para préstamo Código de colección Localización permanente Ubicación/localización actual Ubicación en estantería Fecha de adquisición Número de inventario Total de préstamos Signatura topográfica completa Código de barras Fecha visto por última vez Precio válido a partir de Tipo de ítem Koha
      Excluido de préstamo Monografías: Libros y Folletos Patrimonio Dominicano Patrimonio Dominicano Depósito 05.09.2013 LF1   RD861.44 B333p, 2003 40696-10 25.06.2020 25.06.2020 No se presta

Con tecnología Koha